World Major Political Parties - Statistics

General Stats
  • This quiz has been taken 1,356 times
  • The average score is 14 of 20
Answer Stats
Country Political Position Political Party % Correct
Japan Centre-left Democratic
98%
USA Centre-left Democratic
98%
USA Centre-right Republican
97%
UK Centre-right Conservative
94%
Australia Centre-right Liberal
89%
Canada Centre Liberal
89%
China n/a Communist
88%
UK Centre-left Labour
86%
Canada Right Conservative
85%
Russia Far-left Communist
83%
France Centre-left Socialist
70%
Japan Right Liberal Democratic
68%
Germany Centre-right Christian Democratic
67%
UK Centre Liberal Democrats
67%
Germany Centre-left Social Democratic
61%
Australia Centre-left Labor
55%
Russia Centre United Russia
35%
Canada Centre-left New Democratic
34%
France Centre-right Union for a Popular Movement
19%
Japan Far-right Japan Restoration
1%
No matching quizzes found
Score Distribution
Percent of People with Each Score
Percentile by Number Answered
Your Score History
You have not taken this quiz